Estudios sobre fray Bartolomé de las Casas y sobre la lucha por la justicia en la conquista española de América
Saved in:
| Hovedforfatter: | |
|---|---|
| Format: | Bog |
| Sprog: | spansk |
| Udgivet: |
Caracas
Universidad Central de Venezuela
1968
|
| Serier: | Ediciones de la Biblioteca, 35
|
| Fag: | |
| Tags: |
Tilføj Tag
Ingen Tags, Vær først til at tagge denne postø!
|
MARC
| LEADER | 00000nam a2200000 a 4500 | ||
|---|---|---|---|
| 001 | UCR0171 | ||
| 003 | CL-VaPUC | ||
| 008 | 971129e19680000VE |||||||||||||||||spa|d | ||
| 082 | 0 | 4 | |a 980.013 |b HAN |2 21 |
| 100 | |a Hanke, Lewis |e author |9 575054 | ||
| 245 | 1 | 0 | |a Estudios sobre fray Bartolomé de las Casas y sobre la lucha por la justicia en la conquista española de América |
| 300 | |a 428 p | ||
| 942 | |c BK | ||
| 945 | |d 19971129 00:00:00 |a cmena | ||
| 260 | |a Caracas |b Universidad Central de Venezuela |c 1968 | ||
| 650 | 0 | |a Historia americana |9 353864 | |
| 650 | 0 | |a Trato a los indios |9 267759 | |
| 650 | 0 | |a Esclavitud |9 323605 | |
| 650 | 0 | |a Epoca colonial |9 352022 | |
| 650 | 7 | |a EVANGELIZACION |2 CL-VaPUC |9 395717 | |
| 650 | 0 | |a Derecho Indiano |9 256266 | |
| 650 | 0 | |a Justicia |9 255408 | |
| 650 | 0 | |a Misioneros |9 324171 | |
| 583 | |a last modification |c 19971129 00:00:00 |k Rodrigo Vera | ||
| 490 | 0 | |a Ediciones de la Biblioteca, 35 | |
| 999 | |c 263822 |d 263820 | ||
| 952 | |0 0 |1 0 |4 0 |6 980_013000000000000_HAN_1968 |7 0 |8 DER_HDC |9 293302 |a BIBDER |b BIBDER |d 2019-11-19 |i 1908197 |o 980.013 HAN 1968 |p 1908197 |r 2023-01-25 |w 2019-11-19 |x Ubicación 4to Piso |y BK |z Estos recursos deben solicitarse con anticipación |k DER | ||